[Event "E World Chess Cup"]
[Site "Baku"]
[Date "2015.10.03"]
[Round "7.3"]
[White "Svidler, Peter"]
[Black "Karjakin, Sergey"]
[Result "0-1"]
[WhiteElo "2727"]
[BlackElo "2753"]
[EventDate "2015.??.??"]
[Annotator "Bojkov,Dejan"]
[PlyCount "60"]
[Beauty "8246874082862"]
[EventType "match"]
[EventRounds "2"]
[EventCountry "AZE"]
[WhiteClock "0:12:32"]
[BlackClock "0:16:45"]

1.e4 c5 {In a must-win situation Krjakin probably did not even consider the Berlin as an option.} 2.Nf3 d6 3.d4 cxd4 4.Qxd4 {The last time Svidler played this solid was back in 1999 against Garry Kasparov.} 4...a6 5.c4 Nc6 6.Qe3 Nf6 7.h3 g6 8.Nc3 Bg7 9.Be2 Nd7 {Sooner or later this knight will step back to open up the bishop and get to a better position. Black can also start with the castling:} ( {Relevant:} 9...O-O 10.O-O Rb8 11.Rd1 Nd7 12.Rb1 Qb6 13.Qd2 Nde5 {as in Lagarde,M (2540)-Edouard,R (2634) Saint Quentin 2015} ) 10.Rb1 {White carefully finishes the development.} 10...Nde5 11.O-O O-O 12.Rd1 Nxf3+ 13.Bxf3 {Both sides achieved what they wanted- approximate equality. However, we should not forget that Karjakin is in a must-win situation.} 13...f5 {The typical Accelareted Dragon counter-play.} 14.exf5 {And a standard reply which appears to be a novelty. Svidler does not want to allow the f5-f4 advance. In correspondance game another player with the white pieces did:} ( {Predecessor:} 14.Nd5 e6 15.Nf4 e5 16.Ne2 f4 17.Qa3 Qg5 18.Rxd6 Bxh3 {with complications in Szymanski,R (2372)-Chomicki,H (2229) ICCF email 2011. Karjakin definitely would not mind these.} ) 14...Bxf5 15.Be4 Qd7 16.Nd5 Qe6 17.Bxf5 Qxf5 {One more light piece disappeared. At least Black got some activity along the half-open f file.} 18.Bd2 {Of course not} ( 18.Nxe7+ $4 Nxe7 19.Qxe7 Rae8 20.Qxd6 Qxf2+ 21.Kh1 Re1+ 22.Rxe1 Qxe1+ 23.Kh2 Be5+ ) 18...Rae8 19.Bc3 e6 20.Nb6 d5 $1 {The only chance to complicate matters. Black starts an attack through the center while the white knight is away from the main battlefield.} 21.Bxg7 Kxg7 {Third light piece leaves the board...} 22.Qc5 ( {Black is somewhat better in the endgame after} 22.cxd5 $6 exd5 23.Qc5 d4 24.Qxf5 Rxf5 25.Rd2 ) 22...Rf6 {A risky decision, the only real chance to play for a win! If this was an ordinary game Karjakin would have opted for} ( 22...dxc4 23.Qxf5 exf5 24.Nxc4 Re7 ) 23.b4 {With the idea b4-b5. Once again the d5 pawn is poisoned due to} ( 23.cxd5 exd5 24.Nxd5 Re2 25.Qb6 Qxf2+ 26.Qxf2 Rfxf2 {and the rooks rock.} ) 23...Ne5 24.cxd5 Nd3 {This was the position that Karjakin had in mind. He will regain the pawn on f2 and open up the white king. True, in the process his knight might get trapped, but did he have anything to lose?} 25.Qe3 ( {Another way to defend is} 25.Qc7+ $5 {when Black has to choose wisely where to go with the king. The obvious square} 25...Kg8 $2 {is a bad choice because of} ( 25...Kh8 {is better but then the line} 26.Qc3 Nxf2 ( {White has risk-free advantage in the line} 26...Qxf2+ 27.Kh1 e5 28.Qxd3 Qxb6 29.d6 ) 27.Nd7 {is good for White.} ) ( {According to the computer, the best move is} 25...Kh6 {but then White can win a tempo with a timely check against the enemy king as in the line} 26.Qg3 Nf4 27.Qh4+ $1 {(away from the fork on e2)} 27...Kg7 28.dxe6 g5 29.Qg4 ) 26.Nd7 Qxf2+ 27.Kh2 Rf7 28.Rf1 Qxf1 29.Rxf1 Rxf1 30.dxe6 ) 25...Nxf2 {The match situation is not about rational decisions any more! Once again, from objective perspective best was} ( 25...Qxf2+ 26.Qxf2 Nxf2 27.Re1 Nd3 28.Re3 Nf4 {with a draw.} ) 26.Rf1 {The knight is trapped.} 26...Qe4 27.Rbe1 {Svidler plays according to the position. He had probably calculated the line which happened later in the game. A draw could have been achieved by simple means with} ( 27.Qxe4 Nxe4 28.dxe6 Rfxe6 29.Nd5 Nd2 30.Nc7 ) 27...exd5 ( 27...Ref8 28.Qxe4 Nxe4 29.Rxf6 Nxf6 {leaves Black no hint of a chance.} ) 28.Rxf2 $6 {Not yet a mistake but a huge step forward it. White could have won the knight with} ( 28.Qd2 Nxh3+ 29.gxh3 Rxf1+ 30.Rxf1 {when Black has chances for a draw. But only in this game, not in the match...} ) 28...Qh4 {Probably Svidler was hoping for the nice line:} ( 28...Qxe3 29.Rxe3 Rxe3 30.Rxf6 Kxf6 31.Nxd5+ ) 29.Qd2 $4 {Unbelievable! The exhausting matches and the final pressure came too much for Svidler. He blunders the game away.} ( {Instead} 29.Qxe8 Qxf2+ 30.Kh2 Qxb6 {would give some winning chances for Black but should be still a draw with careful play. For example} 31.Re7+ Kh6 32.Rd7 Qxb4 33.Qg8 Qf4+ 34.Kh1 Qe5 35.Rxh7+ Kg5 36.Qd8 {followed by Rh7-d7. Black cannot win with his king that exposed.} ) 29...Rxf2 30.Qc3+ ( 30.Qxf2 Rxe1+ ) 30...d4 {Svidler resigned due to} ( 30...d4 31.Qc7+ Rf7 ) 0-1

[Event "E World Chess Cup"]
[Site "Baku"]
[Date "2015.10.04"]
[Round "?"]
[White "Karjakin, Sergey"]
[Black "Svidler, Peter"]
[Result "1-0"]
[WhiteElo "2753"]
[BlackElo "2727"]
[EventDate "2015.??.??"]
[Annotator "Bojkov,Dejan"]
[PlyCount "113"]
[Beauty "6601767391238"]
[EventType "match"]
[EventRounds "2"]
[EventCountry "AZE"]
[WhiteClock "0:12:23"]
[BlackClock "0:15:27"]

1.Nf3 {In the decisive game of the match Karjakin decides to avoid the open games. Wise decision, especially taking into account the fact how well Svidler did there at this tournament. Another argument about Karjakin's opening choice is the fact that he also avoids the Gruenfeld.} 1...d5 2.d4 c5 {Svidler had already played like that, in a rapid game against Nepomniachtchi.} 3.c4 cxd4 4.cxd5 Nf6 5.Qxd4 {The above-mentioned game saw:} ( 5.Nxd4 Nxd5 6.e4 Nf6 7.Nc3 e5 8.Ndb5 a6 9.Qxd8+ Kxd8 10.Na3 Be6 {and Black solved his opening problems, Nepomniachtchi,I (2702)-Svidler,P (2740) Nizhnij Novgorod 2013} ) 5...Qxd5 6.Nc3 Qxd4 7.Nxd4 {Curiously, this position was discussed in the match for the world championship between Lasker and Tarrasch, roughly 100 years ago!} 7...Bd7 {The second main move and the beginning of Black's problems. Tarrasch reacted with} ( 7...e5 {but this also allowed the white knight the b5 squre. After} 8.Ndb5 Kd8 9.Be3 Nc6 10.g3 Bd7 11.Rd1 Kc8 12.Bg2 {White had an edge, Lasker,E-Tarrasch,S Berlin 1916} ) ( {The main move is} 7...a6 ) 8.Ndb5 Kd8 {Or} ( 8...Na6 9.Bf4 g6 10.e4 Bg7 11.O-O-O Bc6 12.f3 {with advantage for White, Lindberg,B (2426)-Berkell,P (2249) Sweden 2004} ) 9.Be3 $1 {Support the white knight on b5.} 9...Nc6 ( {Black does not have the move} 9...a6 10.Bb6+ Kc8 11.Nc7 ) 10.f3 {A novelty. The idea is to limit the black knights.} ( {A recent GM game saw Black demolished in mere seventeen moves after} 10.g3 Ng4 11.Bd2 Nb4 ( {However, Black had plenty of improvements along the way, for example here} 11...a6 12.Na3 e5 ) 12.Rc1 Nxa2 13.Nxa2 Bxb5 14.Bg2 e6 15.Ba5+ Ke8 16.Bc7 Bc6 17.Rxc6 {1-0 (17) Grigoriants,S (2606)-Gleizerov,E (2501) Dresden 2015} ) 10...h5 {Stops the positional threat g2-g4.} 11.O-O-O Kc8 12.Bg5 {White can be very happy with the opening. He has betetr development, extra space and on the top of this Black has huge difficulties in bringing his dark-squared bishop out.} 12...g6 {A sad choice but the alternatives were no better:} ( {Bad is} 12...e6 13.e4 Be7 14.Nd6+ Bxd6 15.Rxd6 ) ( {Even worse is the attempt to get rid of the annoying knight:} 12...a6 13.Na4 axb5 14.Nb6+ Kb8 15.Nxa8 Kxa8 16.Bxf6 ) 13.Nd6+ exd6 14.Bxf6 Rg8 15.e4 {One more advantage is added to white's position- the isolated d6 pawn.} 15...Be6 16.Kb1 Kd7 17.Nd5 Bg7 18.Bxg7 Rxg7 19.Bb5 {The pins along the a4-e8 diagonal and the half-open d file make Black's position very difficult. White intends to double his rooks along the d file (or sometimes along the c one too!) The e4-e5 threat is always in the air and the g7 rook is stuck on this ugly square.} 19...Kd8 ( 19...Rd8 20.Rd2 ) ( 19...Bxd5 $2 20.exd5 ) 20.Rd2 Bxd5 21.Rxd5 Kc7 22.Rc1 Re8 23.Rd4 ( {Another idea was} 23.Bd3 {intending to meet} 23...Re5 {with} 24.f4 Re6 25.b4 $1 ) 23...Re5 24.Ba4 {The bishop is clearly superior to the knight and Karjakin wants to keep it on board. The endgame of this game has similarities with the one that the Russian GM won against P. Eljanov at the decisive second rapid game of their tie-break.} ( {The rook endgame promises good drawing chances to Black} 24.Bxc6 bxc6 25.Rdc4 c5 26.f4 Re6 27.e5 g5 28.exd6+ Kxd6 29.Rxc5 gxf4 ) 24...b5 25.Bb3 Rc5 26.Rd5 Rxc1+ 27.Kxc1 a6 {Svidler did the best that he could-traded one of the active white rooks, got rid of the pins, but his position still remains clearly worse.} 28.Rd3 g5 {Black plays for fortress.} ( 28...f5 $1 {to exchange pawns and open files was better, for example} 29.Bd5 ( 29.exf5 gxf5 30.g3 h4 ) 29...Nb4 30.Rc3+ Kd7 31.Bb3 fxe4 32.fxe4 Re7 {with excellent chances for a draw.} ) 29.Kd2 h4 30.Rc3 Kb6 31.Rd3 Kc7 32.Ke3 f6 33.Rc3 Kb6 34.Rd3 {Karjakin does not hurry.} 34...Kc7 35.Rc3 Kb6 36.Bd5 Ne7 37.Kd4 Rh7 38.Be6 $1 {All the white pieces are optimally placed. The bishop took under control important squares (c8 in particular) and opened the road for the white king. It is time to somehow break the black fortress.} 38...Rh8 39.a3 Rd8 {Perhaps Black should have tried to take the open file with} ( 39...Ra8 40.Rc2 Ra7 41.g3 hxg3 42.hxg3 Rc7 ) 40.Rc2 $1 {The idea is to open a second front after Rc2-f2 and f3-f4!} 40...Rh8 41.Rf2 Ng6 $1 {The best defense. Otherwise f3-f4 would be played but now the white king gets in.} 42.Kd5 Rd8 {With the threat Ng6-f4xe6.} 43.Bf5 Nf4+ 44.Kd4 Re8 $2 {This loses. The critical line was} ( 44...d5 $1 45.e5 fxe5+ 46.Kxe5 d4 {It seems as Black will soon lose this pawn and the last hope, but the position somehow holds. For example} 47.Rd2 Kc5 48.Rc2+ Kb6 49.Be4 d3 50.Rd2 Kc5 51.g3 hxg3 52.hxg3 Nh5 53.Bxd3 Nxg3 54.Rc2+ Kb6 {A lot of pawns have been traded and what is best, White does not have time to win the g5 one-} 55.Bg6 Rf8 {and Black should hold this.} ) 45.g3 Ne6+ 46.Bxe6 $1 {Probably Svidler has spent most of his time calculating the line} ( 46.Kd5 hxg3 47.hxg3 Nc5 48.Kxd6 g4 $1 49.Bxg4 ( 49.fxg4 Rxe4 50.b4 Nb7+ 51.Kd7 ) 49...Rxe4 50.fxe4 Nxe4+ 51.Ke6 Nxf2 52.Bf5 Kc5 {and maybe he found a draw there, but Karjakin found a better way.} ( 52...b4 $5 ) ) 46...Rxe6 47.Kd5 {White wins a pawn which together with the active pieces secures him the win.} 47...Re5+ 48.Kxd6 hxg3 49.hxg3 g4 50.fxg4 Rxe4 51.Rf4 $1 {Much better than} ( 51.Rxf6 Rxg4 52.Ke5+ Ka5 53.Rf3 Rg8 54.Kf5 Rf8+ 55.Kg4 Rg8+ 56.Kh3 b4 ) 51...Re3 52.Rxf6 Rxg3 53.Ke5+ Kb7 54.Kf5 Rb3 55.g5 Rxb2 56.g6 Rg2 57.Ke6 {Followed by Ke6-f7 and wins the rook. An important detail is that the white rooks cuts the black king along the sixth rank and Black cannot create a dangerous passer.} 1-0

[Event "Chess Masters"]
[Site "Bilbao"]
[Date "2015.10.30"]
[Round "?"]
[White "Ding, Liren"]
[Black "So, Wesley"]
[Result "1/2-1/2"]
[WhiteElo "2782"]
[BlackElo "2760"]
[EventDate "2015.??.??"]
[Annotator "Bojkov,Dejan"]
[PlyCount "106"]
[Beauty "5430851941384"]
[EventType "game"]
[EventCountry "ESP"]
[WhiteClock "0:37:45"]
[BlackClock "0:29:19"]

{[Annotations by GM Dejan Bojkov]} 
1.d4 Nf6 2.c4 g6 3.Nf3 Bg7 4.e3 {A lot of people try to avoid the Gruenfeld nowadays.} 4...O-O 5.Be2 c5 6.d5 e6 7.Nc3 d6 8.Nd2 Re8 9.O-O Na6 {But Black should not complain too much about the Benoni position that he got.} 10.e4 ( {Svidler got less than nothing after} 10.dxe6 Bxe6 11.e4 Nb4 $1 12.Nb3 Nc6 $1 13.Bf4 Nd4 14.Nxd4 cxd4 15.Nb5 Nxe4 {with advantage for Black in Svidler,P (2751)-Gelfand,B (2753) Jerusalem 2014} ) 10...Nc7 11.a4 {A novelty which is designed to stop the b7-b5 resource after Black trades on d5.} ( {A recent top GM predecessor saw} 11.Re1 Rb8 12.dxe6 Nxe6 {and after} 13.Nb3 {Black used the same d4 square for his knight as Gelfand:} 13...Nd4 $1 14.Bf1 ( 14.Nxd4 cxd4 15.Qxd4 $2 Nxe4 ) 14...Ng4 15.h3 Ne5 {with active piece play for Black in Dreev,A (2670)-Grischuk,A (2777) Loo 2014} ) 11...Na6 {A typical twist. The knight says "Thank you for the b4 outpost!"} 12.f3 {The other way to control e4 is dubious:} ( 12.Bd3 Nb4 13.Bb1 Nh5 14.f4 exd5 15.cxd5 Bd4+ 16.Kh1 Qh4 {and the g3 checky might be annoying.} ) 12...Nb4 13.Rf2 {To regroup the light pieces.} ( 13.Re1 {will be answered with} 13...Nh5 {anyway.} ) 13...Nh5 14.dxe6 {As otherwise Black will attack the center with} ( 14.Nf1 exd5 15.cxd5 f5 ) 14...Bxe6 15.Nb3 {Ding decided to keep firm control over the d4-square, since otherwise Black may win the battle for the dark-squares after} ( 15.Nf1 Bd4 16.Be3 Bxe3 17.Nxe3 Qg5 ) 15...f5 {So can be happy with the outcome of the opening - all his pieces are nicely placed.} 16.Bf1 ( {There is not fork in the line} 16.exf5 Bxf5 17.g4 $2 Bc2 ) 16...Qe7 17.Be3 {The Chinese GM wisely decided not to open any files with} ( 17.exf5 gxf5 {as Black is clearly better prepared for an open fight.} ( 17...Bxf5 $2 {this time is bad due to} 18.g4 {as the rook controls the c2 point.} ) ) 17...f4 18.Bd2 Be5 {So achieved everything that he wanted: he gained space on the kingside, placed all his light pieces on optimal squares and is somewhat better. His plan is to advance the g-pawn and open the kingside. Still, White's position is a tough nut to crack. Especially when Ding skillfully brings his piecs out.} 19.Be1 {This protects the b2-pawn and prepares Nc3-d5.} 19...Nc6 ( 19...Ng3 $5 {can be met with the same} 20.Nd5 ( {But not} 20.hxg3 $4 fxg3 ) ) 20.Nd5 Qg7 21.Bc3 Rad8 22.Nc1 $1 g5 23.Nd3 {The knight was redeployed just in time.} 23...Bxc3 {Or else White can start queenside play with} ( 23...Bd4 24.Bxd4 Nxd4 25.b4 {though Black is still better.} ) 24.bxc3 Bxd5 ( {Maybe it was time for some Nimtzo-Indian with} 24...Na5 {followed by Nh5-f6-f7-e5!?} ) 25.cxd5 Ne5 26.Rb1 {The play along the half-open b-file compensates White for Black's better minor piece.} 26...Re7 27.Nxe5 Qxe5 28.Rb3 Rdd7 29.Qc1 Nf6 30.h3 h5 ( 30...Nh5 $5 {was also interesting, although White should hold after} 31.c4 Ng3 32.Qb2 Qxb2 33.Rfxb2 ) 31.c4 Rg7 32.a5 ( 32.Qb2 $5 ) 32...Rdf7 {So is ready to go forward with g5-g4 and Ding correctly goes for...} 33.Qb2 g4 ( 33...Qxb2 34.Rfxb2 ) 34.Qxe5 dxe5 {Without the queens the attack is no longer that dangerous. White also got a valuable asset: the protected passed d5-pawn.} 35.Kh1 gxf3 36.gxf3 h4 37.Rb5 Rc7 38.Rd2 Nh5 39.Kh2 Ng3 {The knight looks strong but cannot do anything of his own.} 40.Bg2 Rgd7 41.d6 {This forces matters.} 41...Rc6 42.Rd5 b6 43.Rxe5 Rcxd6 44.Rg5+ Rg7 45.axb6 axb6 ( 45...Rxg5 46.bxa7 Ra6 47.Rb8+ Kg7 48.a8=Q Rxa8 49.Rxa8 Ne2 ) 46.Rg4 Rd2 47.Rxb6 ( {Not} 47.Rxf4 $4 Nf1+ 48.Kg1 Ne3 {with a win.} ) 47...Nf1+ 48.Kg1 Rxg4 49.hxg4 Ne3 50.Bh3 Rd1+ {Black forces a draw.} ( {Another way to do it would be} 50...Nxc4 51.Rg6+ Kf7 52.Rg5 Ne3 53.Rxc5 Rd1+ ) 51.Kh2 Rd2+ 52.Kg1 Rd1+ 53.Kh2 Rd2+ 1/2-1/2